000 00180 a2200097 4500
041 _aspa
100 _aAvalos, Cecilia
245 _aEl rancho despierta
942 _cBK
952 _71
999 _c25362
_d25362